Vrai ou Faux ? Aléatoire - Statistiques

Statistiques générales
  • Ce quiz a été pris 87 fois
    49 depuis la dernière actualisation
  • Le résultat moyen est 3 sur 7
Statistiques - réponses
Question Réponse % Correct
Jean-Jacques Goldman a existé sur la Terre. Vrai
83%
La question à laquelle vous êtes en train de lire l'énoncé est une question. Faux
73%
Les personnes du nom de "Jordan" s'appellent tous Jordan. Faux
45%
La plus grande cause de décès est la naissance Faux
30%
Les scientifiques pensent que le Centre-Val-de-Loire est un trou noir. Vrai
28%
L'explication de cette question sera la suivante : "Bah, il fallait faire le quiz deux fois pour être sûr de celle-ci." Faux
25%
Jules César était un femboy. Vrai
25%
Aucun quiz correspondant
Distribution des résultats
% des personnes avec chaque résultat
Percentile par nombre de réponses
Votre historique - résultats
Vous n’avez pas pris ce quiz depuis la dernière actualisation